000 00614nam a2200265Ia 4500
005 20260306163808.0
008 008 260114s9999 xx 000 0 eng d
020 _a9780813050416
037 _aEBOOK
040 _aCRL
040 _beng
040 _cCRL
041 _2eng
041 _aeng
084 _qCRL
100 _aMartínez-fernández
_91129041
245 0 _aRevolutionary Cuba
260 _bUniversity Press of Florida
260 _c2015
650 _aSocial Work
856 _uhttps://academic.oup.com/book/23452
942 _cEBOOK
999 _c1711523
_d1711523